Picture Wall: Famous Women by Country - Statistics

General Stats
  • This quiz has been taken 1,924 times
  • The average score is 13 of 20
Answers on the Map
Answers color-coded by a green-red scale on the quiz's map according to % correct below.
 
Answer Stats
Answer % Correct
Germany
82%
United Kingdom
81%
Sweden
77%
United States
77%
Barbados
74%
Colombia
69%
Japan
69%
Pakistan
69%
China
67%
Mexico
64%
Canada
60%
New Zealand
60%
Poland
60%
Spain
56%
Australia
53%
France
53%
India
52%
Somalia
47%
Lebanon
46%
South Africa
41%
No matching quizzes found
Score Distribution
Percent of People with Each Score
Percentile by Number Answered
Your Score History
You have not taken this quiz